000 00970nac a22003257a 4500
001 BR9903749
003 BR-BrBNA
005 20240105122249.0
008 230509b bl.|||m| |||| 00| 0 por d
040 _aBR-BrBNA
_bpor
_cBiblioteca Nacional de Agricultura
072 _aP30
090 _aP30 BR9903749
100 1 _aAmaral, A.Z. do
110 1 _aInstituto Agronomico, Campinas, SP (Brasil)
245 1 _aColetanea bibliografica da divisao de solos 1979-1983
260 3 _aCampinas, SP (Brasil):
_c1994.
300 _a32 p.
490 _aCircular - Instituto Agronomico (Brazil)
_vno. 124
_xISSN 0100-3402
500 _aSeveral bibliography
650 _aSolo
650 _aConservacao do Solo
650 _aFertilidade do Solo
650 _aFotointerpretacao
650 _aIrrigacao
650 _aDrenagem
650 _aMicrobiologia do Solo
650 _aPedologia
909 _a202312
_bLúcia Elande
_c55
_dLúcia Elande
942 _2AGRIS
_n0
_cMS
999 _c290102
_d290102